Statistics for Countries by Arable Land per Capita

Click here to take the quiz!

General Stats

  • This quiz has been taken 37 times
  • The average score is 10 of 20

Answer Stats

Arable land / 1,000 peopleCountry% Correct
1,443.57Canada
91%
850.94Russia
91%
2,430.12Australia
86%
689.36Ukraine
83%
734.11Argentina
80%
483.15Mongolia
74%
1,476.46Kazakhstan
69%
1,109.65Niger
63%
588.02Belarus
60%
535.45Paraguay
51%
474.68Latvia
43%
588.24Lithuania
40%
456.03Hungary
31%
468.31Turkmenistan
31%
476.7Moldova
29%
487.72Sudan
29%
588.53United States
26%
465.85Zambia
26%
640.86Guyana
23%
490.27Central African Republic
3%

Score Distribution

Percentile by Number Answered

Percent of People with Each Score

Your Score History

You have not taken this quiz